000 00342nam a2200145Ia 4500
008 191201s2010 xx 000 0 und d
082 _a658.8
_bVII
100 _aVIJ, Madhu
245 0 _aInternational Financial Management
250 _a3rd Rep
260 _aN.Delhi
_bExcel Books
_c2010
300 _a737
650 _aMBA
942 _2ddc
_cBK
999 _c4773
_d4773